Dream Academy - Toutes les missions - Statistiques

Statistiques générales
  • Ce quiz a été pris 83 fois
  • Le résultat moyen est 8 sur 11
Statistiques - réponses
Hint Réponse % Correct
Mission 2 Team A: Emily, Lara, Sophia & Yoonchae
Team B: Iliya, Karlee, Megan & Samara
Antifragile
94%
Mission 3 Celeste, Daniela, Manon, Nayoung & Sophia Buttons
93%
Mission 2 Team A : Brooklyn, Lexie, Marquise, Mei & Nayoung
Team B : Celeste, Daniela, Ezrela, Manon & Ua
Fearless
93%
Mission 1 Adéla, Daniela, Hinari, Megan & Ua Pink Venom
85%
Mission 3 Lara, Marquise, Megan & Yoonchae Confident
81%
Mission 3 Emily, Ezrela, Samara & Ua Wannabe
81%
Mission 1 Emily, Ezrela, Marquise, Mei & Yoonchae OMG
72%
Finale Ezrela, Lara, Manon, Samara & Sophia Dirty Water
65%
Finale Daniela, Emily, Marquise, Megan & Yoonchae Girls Don't Like
63%
Mission 1 Celeste, Lara, Nayoung, Samara & Sophia Still Into You
52%
Mission 1 Brooklyn, Iliya, Karlee, Lexie & Manon Dancing On My Own & Happier Than Ever
44%
Aucun quiz correspondant
Distribution des résultats
% des personnes avec chaque résultat
Percentile par nombre de réponses
Votre historique - résultats
Vous n’avez pas pris ce quiz